[Event "Hessenliga 1718"]
[Site "Hessen"]
[Date "2017.11.19"]
[Round "3.2"]
[White "Bajramovic, Bego"]
[Black "Rosenberger, Berthold"]
[Result "0-1"]
[WhiteElo "2118"]
[BlackElo "2217"]
[PlyCount "80"]
[EventDate "2017.09.17"]
[EventType "team-tourn"]
[EventRounds "9"]
[EventCountry "GER"]
[SourceTitle "CBM 189 Extra"]
[Source "ChessBase"]
[SourceDate "2019.06.03"]
[SourceVersion "1"]
[SourceVersionDate "2019.06.03"]
[SourceQuality "1"]
[WhiteTeam "Giessen"]
[BlackTeam "Dettingen"]
[WhiteTeamCountry "GER"]
[BlackTeamCountry "GER"]

1. e4 c5 2. Nc3 Nc6 3. g3 g6 4. Bg2 Bg7 5. d3 d6 6. Be3 e6 7. Qd2 Nd4 8. Nge2 Bd7 9. 0-0 Ne7 10. f4 0-0 11. g4 f5 12. h3 Rb8 13. Ng3 b5 14. Nd1 b4 15. c3 bxc3 16. bxc3 Ndc6 17. d4 cxd4 18. cxd4 Qa5 19. Nc3 Rb4 20. d5 exd5 21. exd5 Nd4 22. gxf5 Nexf5 23. Nxf5 Nxf5 24. Rad1 Rb2 25. Qxb2 Nxe3 26. Qb7 Bc8 27. Qb5 Bxc3 28. Qb3 Nxf1 29. Rxf1 Qb4 30. Qc2 Qd4+ 31. Kh1 Bb4 32. Qe2 Bc5 33. Qe7 Qe3 34. Qh4 Ba6 35. Re1 Qxf4 36. Qe7 Bd3 37. Rd1 Bf5 38. Rf1 Qe5 39. Qh4 Rb8 40. Re1 Rb1 0-1

[Event "Hessenliga 1617"]
[Site "Hessen"]
[Date "2017.01.15"]
[Round "5.5"]
[White "Emmerich, Dirk"]
[Black "Bajramovic, Bego"]
[Result "0-1"]
[WhiteElo "2167"]
[BlackElo "2118"]
[PlyCount "80"]
[EventDate "2016.09.18"]
[EventType "team-tourn"]
[EventRounds "9"]
[EventCountry "GER"]
[SourceTitle "EXT 2018"]
[Source "ChessBase"]
[SourceDate "2017.10.13"]
[SourceVersion "1"]
[SourceVersionDate "2017.10.13"]
[SourceQuality "1"]
[WhiteTeam "Dotzheim"]
[BlackTeam "Giessen"]
[WhiteTeamCountry "GER"]
[BlackTeamCountry "GER"]

1. e4 e5 2. Bc4 Nc6 3. c3 Nf6 4. Qe2 Be7 5. d3 0-0 6. Nd2 d5 7. Bb3 b5 8. Ngf3 a5 9. 0-0 a4 10. Bc2 Bg4 11. h3 Bh5 12. Re1 d4 13. a3 Nd7 14. g4 Bg6 15. cxd4 exd4 16. Nf1 h5 17. Ng3 hxg4 18. hxg4 Nc5 19. Kg2 Re8 20. Rh1 Bd6 21. Nf5 Ne6 22. Ng1 Bf4 23. Nh3 Bd6 24. f4 Bf8 25. Ng3 Bd6 26. f5 Qh4 27. Nf1 Ne5 28. Nf2 Qf6 29. fxe6 fxe6 30. Bd2 Rf8 31. Rh3 c5 32. Ng3 Nf3 33. Rah1 Nxd2 34. Rh8+ Kf7 35. Rxf8+ Rxf8 36. Qxd2 Ke7 37. Qe2 Qe5 38. Nf1 Qf4 39. Nd2 Qe3 40. Kf1 Bg3 0-1

[Event "Hessenliga 1617"]
[Site "Hessen"]
[Date "2016.09.18"]
[Round "1.6"]
[White "Rosenberger, Frank"]
[Black "Bajramovic, Bego"]
[Result "1-0"]
[WhiteElo "2089"]
[BlackElo "2118"]
[PlyCount "95"]
[EventDate "2016.09.18"]
[EventType "team-tourn"]
[EventRounds "9"]
[EventCountry "GER"]
[SourceTitle "EXT 2018"]
[Source "ChessBase"]
[SourceDate "2017.10.13"]
[SourceVersion "1"]
[SourceVersionDate "2017.10.13"]
[SourceQuality "1"]
[WhiteTeam "Gernsheim"]
[BlackTeam "Giessen"]
[WhiteTeamCountry "GER"]
[BlackTeamCountry "GER"]

1. e4 e5 2. Nf3 Nc6 3. d4 exd4 4. Nxd4 Bc5 5. Nb3 Bb6 6. Nc3 Qf6 7. Qe2 Nge7 8. Be3 0-0 9. 0-0-0 d6 10. Kb1 Be6 11. Nd5 Bxd5 12. exd5 Ne5 13. h3 Nf5 14. Bxb6 axb6 15. f4 Ng6 16. Qf2 Ra4 17. g3 h5 18. h4 c5 19. dxc6 bxc6 20. Qxb6 Nxg3 21. Rg1 Nxf1 22. Rgxf1 Rfa8 23. a3 Ne7 24. Qc7 d5 25. Rde1 Nf5 26. Re5 Ng3 27. Rg1 Qxh4 28. Rg5 Qxf4 29. Qxf4 Rxf4 30. R1xg3 g6 31. Rxh5 Re8 32. Rh2 Kg7 33. Nc5 Rh8 34. Rxh8 Kxh8 35. Nd3 Re4 36. b4 Kg7 37. Kb2 f5 38. Kb3 Kf6 39. a4 g5 40. a5 f4 41. Rg1 Kf5 42. Nf2 Re2 43. a6 Rxf2 44. a7 Rf3+ 45. Kb2 Rg3 46. Rf1 d4 47. a8Q Rc3 48. Qc8+ 1-0

[Event "Oberliga Ost-B 1213"]
[Site "Germany"]
[Date "2013.01.13"]
[Round "5.6"]
[White "Bajramovic, Bego"]
[Black "Knickel, Aaron"]
[Result "0-1"]
[WhiteElo "2138"]
[BlackElo "2190"]
[PlyCount "62"]
[EventDate "2012.09.30"]
[EventType "team-tourn"]
[EventRounds "11"]
[EventCountry "GER"]
[SourceTitle "EXT 2014"]
[Source "ChessBase"]
[SourceDate "2013.11.20"]
[SourceVersion "1"]
[SourceVersionDate "2013.11.20"]
[SourceQuality "1"]
[WhiteTeam "Giessen"]
[BlackTeam "Neuberg"]
[WhiteTeamCountry "GER"]
[BlackTeamCountry "GER"]

1. e4 g6 2. Nc3 Bg7 3. g3 c5 4. Bg2 Nc6 5. d3 e5 6. Be3 d6 7. Qd2 f5 8. h4 Nf6 9. Nh3 h6 10. f3 Be6 11. Ne2 Nd4 12. c3 Nxe2 13. Qxe2 Qe7 14. d4 cxd4 15. cxd4 fxe4 16. fxe4 Ng4 17. d5 Nxe3 18. Qxe3 Bd7 19. 0-0 Rf8 20. Nf2 g5 21. hxg5 Qxg5 22. Qxg5 hxg5 23. Nh3 g4 24. Rxf8+ Bxf8 25. Nf2 Rc8 26. Bf1 Rc2 27. Nd3 Bh6 28. Re1 Rd2 29. a3 Bg5 30. Re2 Rxd3 31. Rh2 Rxg3+ 0-1

[Event "Oberliga Ost-B 1112"]
[Site "Germany"]
[Date "2012.03.18"]
[Round "9.7"]
[White "Heck, Norbert"]
[Black "Bajramovic, Bego"]
[Result "1/2-1/2"]
[WhiteElo "2262"]
[BlackElo "2126"]
[PlyCount "154"]
[EventDate "2011.10.02"]
[EventType "team-tourn"]
[EventRounds "11"]
[EventCountry "GER"]
[SourceTitle "EXT 2013"]
[Source "ChessBase"]
[SourceDate "2012.11.22"]
[SourceVersion "1"]
[SourceVersionDate "2012.11.22"]
[SourceQuality "1"]
[WhiteTeam "Neuberg"]
[BlackTeam "Giessen"]
[WhiteTeamCountry "GER"]
[BlackTeamCountry "GER"]

1. Nf3 Nf6 2. c4 g6 3. g3 Bg7 4. Bg2 0-0 5. 0-0 d5 6. d4 c6 7. cxd5 Nxd5 8. e4 Nb6 9. h3 h6 10. Nc3 Kh7 11. Qe2 Be6 12. Rd1 Bc4 13. Qe1 f5 14. exf5 Rxf5 15. Ne5 Bd5 16. Nxd5 cxd5 17. f4 Nc6 18. Be3 Nxe5 19. dxe5 e6 20. Bf1 Rf7 21. Bd3 Rd7 22. Bd4 Bf8 23. Qe2 Rg7 24. Qg4 Qe8 25. Rac1 Kg8 26. Rc2 h5 27. Qe2 Qa4 28. Qf2 Qxa2 29. Bxb6 axb6 30. Qxb6 Qa7 31. Qxa7 Rxa7 32. Rc8 Ra2 33. Rd2 h4 34. g4 Ra4 35. Rf2 Rd4 36. Bxg6 Rxg6 37. f5 exf5 38. Rxf5 Rb6 39. Rcxf8+ Kg7 40. R5f7+ Kg6 41. Rf6+ Rxf6 42. Rxf6+ Kg5 43. Rf5+ Kg6 44. e6 Re4 45. Rxd5 Rxe6 46. Rb5 Re7 47. Kf2 Rd7 48. Ke3 Re7+ 49. Kd4 Rd7+ 50. Rd5 Rh7 51. Ke4 Re7+ 52. Re5 Rc7 53. Rb5 Re7+ 54. Kd4 Rd7+ 55. Rd5 Rh7 56. Kc5 Rc7+ 57. Kb6 Rc2 58. Rb5 Rh2 59. Rb3 Rg2 60. Kxb7 Rg3 61. Rc3 Rg2 62. b4 Rg3 63. Rc6+ Kg5 64. Rc5+ Kf4 65. Rf5+ Ke4 66. Rh5 Rxh3 67. b5 Kf4 68. b6 Kxg4 69. Rb5 Rf3 70. Kc6 h3 71. b7 Rf8 72. b8Q Rxb8 73. Rxb8 h2 74. Rh8 Kg3 75. Kd5 Kg2 76. Ke4 h1Q 77. Rxh1 Kxh1 1/2-1/2

[Event "Oberliga Ost-B 1011"]
[Site "Germany"]
[Date "2010.12.12"]
[Round "4.6"]
[White "Gerber, Peter"]
[Black "Bajramovic, Bego"]
[Result "0-1"]
[WhiteElo "2231"]
[BlackElo "2108"]
[PlyCount "90"]
[EventDate "2010.10.24"]
[EventType "team-tourn"]
[EventRounds "11"]
[EventCountry "GER"]
[SourceTitle "EXT 2012"]
[Source "ChessBase"]
[SourceDate "2011.11.24"]
[SourceVersion "1"]
[SourceVersionDate "2011.11.24"]
[SourceQuality "1"]
[WhiteTeam "Giessen"]
[BlackTeam "Hungen Lich"]
[WhiteTeamCountry "GER"]
[BlackTeamCountry "GER"]

1. e4 e5 2. Nf3 Nc6 3. Bb5 Nf6 4. d3 Bc5 5. 0-0 d6 6. Be3 Bxe3 7. fxe3 a6 8. Ba4 b5 9. Bb3 Be6 10. Nc3 0-0 11. Bd5 Bxd5 12. exd5 Ne7 13. e4 c6 14. dxc6 Nxc6 15. Kh1 d5 16. Nxd5 Nxd5 17. exd5 Qxd5 18. Ng5 f6 19. Ne4 f5 20. Nc3 Qe6 21. a3 Rad8 22. Qe2 Rfe8 23. Rf2 e4 24. dxe4 fxe4 25. Qe3 Nd4 26. Raf1 g6 27. Rf6 Nxc2 28. Qh6 Qe7 29. h3 e3 30. h4 Rf8 31. Qg5 Rxf6 32. Rxf6 Kh8 33. h5 e2 34. Nxe2 Qxe2 35. hxg6 Qe7 36. gxh7 Rf8 37. Rxf8+ Qxf8 38. Qe5+ Qg7 39. Qe8+ Kxh7 40. Qe4+ Qg6 41. Qh4+ Qh6 42. Qxh6+ Kxh6 43. Kg1 Ne3 44. b3 Nc2 45. a4 b4 0-1

[Event "Oberliga Ost-B 1011"]
[Site "Germany"]
[Date "2010.10.24"]
[Round "1.5"]
[White "Bajramovic, Bego"]
[Black "Seifert, Christopher"]
[Result "1/2-1/2"]
[WhiteElo "2108"]
[BlackElo "2176"]
[PlyCount "138"]
[EventDate "2010.10.24"]
[EventType "team-tourn"]
[EventRounds "11"]
[EventCountry "GER"]
[SourceTitle "EXT 2012"]
[Source "ChessBase"]
[SourceDate "2011.11.24"]
[SourceVersion "1"]
[SourceVersionDate "2011.11.24"]
[SourceQuality "1"]
[WhiteTeam "Hungen Lich"]
[BlackTeam "Neuberg"]
[WhiteTeamCountry "GER"]
[BlackTeamCountry "GER"]

1. e4 c5 2. Nc3 Nc6 3. g3 g6 4. Bg2 Bg7 5. d3 Rb8 6. Be3 b5 7. Qd2 d6 8. Nge2 Nd4 9. 0-0 e6 10. f4 Ne7 11. g4 f5 12. g5 0-0 13. Ng3 b4 14. Nd1 Bd7 15. c3 bxc3 16. bxc3 Ndc6 17. e5 dxe5 18. Bxc5 Qc7 19. d4 exd4 20. cxd4 Rfd8 21. Rc1 Nd5 22. Ne2 Be8 23. Ne3 Qf7 24. Nc4 Bf8 25. Rfe1 Rbc8 26. Qb2 Qg7 27. Bxf8 Qxf8 28. Bxd5 Rxd5 29. Ne5 Rb8 30. Qc3 Nxe5 31. fxe5 Qe7 32. h4 Qb4 33. Qxb4 Rxb4 34. Rc8 Kf7 35. Rc7+ Rd7 36. Rc2 Ke7 37. Kf2 Rd8 38. Rc7+ Rd7 39. Rec1 Rb2 40. R1c2 Rxc7 41. Rxb2 Bd7 42. Ke3 Bc8 43. Rb8 Kd7 44. Ra8 Kc6 45. Rb8 Kd7 46. Rb2 Ba6 47. Nf4 Rc3+ 48. Kf2 Rc4 49. Rd2 Ke7 50. h5 Kf7 51. h6 Bb5 52. Ne2 Ke7 53. Rb2 a6 54. Ke3 Kd7 55. Rb3 Rc2 56. Nc3 Bc4 57. Rb7+ Kc6 58. Rxh7 Rxc3+ 59. Kf2 Rh3 60. Rg7 f4 61. Rxg6 Bd5 62. Rf6 f3 63. Ke3 Kd7 64. g6 f2+ 65. Ke2 Rxh6 66. g7 Rxf6 67. exf6 e5 68. dxe5 Bxa2 69. Kxf2 Bg8 1/2-1/2

[Event "Oberliga Ost-B 0910"]
[Site "Germany"]
[Date "2010.02.28"]
[Round "8.6"]
[White "Hess, Juergen"]
[Black "Bajramovic, Bego"]
[Result "0-1"]
[WhiteElo "2133"]
[BlackElo "2098"]
[PlyCount "70"]
[EventDate "2009.10.18"]
[EventType "team-tourn"]
[EventRounds "11"]
[EventCountry "GER"]
[SourceTitle "EXT 2011"]
[Source "ChessBase"]
[SourceDate "2010.11.26"]
[SourceVersion "1"]
[SourceVersionDate "2010.11.26"]
[SourceQuality "1"]
[WhiteTeam "Erfurt SK II"]
[BlackTeam "Hungen Lich"]
[WhiteTeamCountry "GER"]
[BlackTeamCountry "GER"]

1. e4 e5 2. Nf3 f5 3. Nxe5 Qf6 4. Nc4 fxe4 5. Nc3 Qf7 6. Ne3 c6 7. Nxe4 d5 8. Ng5 Qf6 9. Nf3 Bd6 10. d4 Ne7 11. c4 Be6 12. Be2 Nd7 13. c5 Bc7 14. b4 g5 15. h3 h5 16. h4 gxh4 17. Nxh4 0-0-0 18. Nf3 h4 19. Nc2 Rdg8 20. Ne3 Nf5 21. Qd2 Nxe3 22. Qxe3 Rxg2 23. Bd2 Bf7 24. 0-0-0 Re8 25. Ne5 Nxe5 26. dxe5 Bxe5 27. Qh3+ Kb8 28. Qxg2 Bb2+ 29. Kc2 Rxe2 30. Qh2+ Be5 31. Qxh4 Bg6+ 32. Kb3 Qf3+ 33. Be3 Rxe3+ 34. fxe3 Qxe3+ 35. Ka4 Bc2+ 0-1

[Event "Hessenliga 0708"]
[Site "Germany"]
[Date "2008.03.30"]
[Round "8.8"]
[White "Bajramovic, Bego"]
[Black "Zoeller, Thomas"]
[Result "1-0"]
[WhiteElo "2131"]
[BlackElo "2026"]
[PlyCount "63"]
[EventDate "2007.09.30"]
[EventType "team"]
[EventRounds "9"]
[EventCountry "GER"]
[SourceTitle "EXT 2009"]
[Source "ChessBase"]
[SourceDate "2008.11.26"]
[SourceVersion "1"]
[SourceVersionDate "2008.11.26"]
[SourceQuality "1"]
[WhiteTeam "Giessen"]
[BlackTeam "Koenig Nied"]
[WhiteTeamCountry "GER"]
[BlackTeamCountry "GER"]

1. e4 e5 2. Nf3 Nc6 3. Bb5 a6 4. Ba4 Nf6 5. Qe2 b5 6. Bb3 Be7 7. 0-0 0-0 8. a4 bxa4 9. Rxa4 d6 10. h3 Bb7 11. Nc3 Nd7 12. Bd5 Nc5 13. Rc4 a5 14. Na4 Nxa4 15. Rxa4 Ba6 16. d3 Qd7 17. b3 Bb7 18. Bd2 Nd8 19. Bxb7 Nxb7 20. Rfa1 Nc5 21. Rxa5 Rae8 22. Be3 Ne6 23. d4 exd4 24. Nxd4 Bf6 25. Rd1 c5 26. Nf5 Qc7 27. Ra6 Nd4 28. Bxd4 cxd4 29. Nxd6 Re6 30. Nb5 Qf4 31. Rxe6 fxe6 32. Nxd4 1-0

[Event "Giessen-ch"]
[Site "Giessen"]
[Date "2008.02.01"]
[Round "1"]
[White "Bajramovic, Bego"]
[Black "Pade, Joachim"]
[Result "1-0"]
[WhiteElo "2118"]
[BlackElo "1728"]
[PlyCount "81"]
[EventDate "2008.02.01"]
[EventType "swiss"]
[EventRounds "7"]
[EventCountry "GER"]
[SourceTitle "EXT 2010"]
[Source "ChessBase"]
[SourceDate "2010.11.25"]
[SourceVersion "1"]
[SourceVersionDate "2010.11.25"]
[SourceQuality "1"]

1. e4 e6 2. d4 d5 3. Nc3 Bb4 4. e5 Bxc3+ 5. bxc3 c5 6. Qg4 Ne7 7. Qxg7 Rg8 8. Qxh7 Nbc6 9. Nf3 Bd7 10. Ng5 Rf8 11. Qd3 Qb6 12. Nh7 0-0-0 13. Nxf8 Rxf8 14. dxc5 Qxc5 15. f4 d4 16. cxd4 Nxd4 17. c3 Ndf5 18. Qc4 Qxc4 19. Bxc4 Bc6 20. Kf2 Rg8 21. Rg1 Nh4 22. Be3 b5 23. Be2 Nd5 24. g3 Nf5 25. Bd2 f6 26. Rab1 a6 27. a4 fxe5 28. axb5 axb5 29. Bxb5 Bb7 30. fxe5 Rf8 31. Ke2 Nc7 32. Bd3 Ne7 33. Rgf1 Rh8 34. h4 Rg8 35. Rf7 Ned5 36. c4 Rxg3 37. Rf8+ Kd7 38. Rxb7 Ne7 39. Ba5 Rg2+ 40. Kf1 Ng6 41. Rxc7# 1-0

[Event "Hessenliga 0607"]
[Site "Germany"]
[Date "2006.11.12"]
[Round "4.8"]
[White "Hempel, Manfred"]
[Black "Bajramovic, Bego"]
[Result "1-0"]
[WhiteElo "2095"]
[BlackElo "2144"]
[PlyCount "55"]
[EventDate "2006.09.17"]
[EventType "team"]
[EventRounds "9"]
[EventCountry "GER"]
[SourceTitle "EXT 2008"]
[Source "ChessBase"]
[SourceDate "2007.11.25"]
[SourceVersion "1"]
[SourceVersionDate "2007.11.25"]
[SourceQuality "1"]
[WhiteTeam "Bensheim"]
[BlackTeam "Giessen"]
[WhiteTeamCountry "GER"]
[BlackTeamCountry "GER"]

1. e4 e5 2. Nf3 Nc6 3. Bb5 Nf6 4. 0-0 Bc5 5. Nxe5 Nxe5 6. d4 Bb6 7. dxe5 Nxe4 8. Qg4 c6 9. Qxg7 Rf8 10. Bh6 Bc5 11. Bd3 d5 12. exd6 Bxd6 13. Bxe4 Qh4 14. f4 Bd7 15. Bg5 Qg4 16. Nc3 Be7 17. Rae1 0-0-0 18. Bf3 Bc5+ 19. Kh1 Rg8 20. Qxh7 Rh8 21. Qxh8 Rxh8 22. Bxg4 Bxg4 23. Ne4 Bb4 24. c3 Bf8 25. Bf6 Rh6 26. f5 Kd7 27. Rf4 Bd6 28. Rxg4 1-0

[Event "Hessenliga 0607"]
[Site "Germany"]
[Date "2006.09.17"]
[Round "1.8"]
[White "Heil, Walter"]
[Black "Bajramovic, Bego"]
[Result "0-1"]
[WhiteElo "1998"]
[BlackElo "2144"]
[PlyCount "68"]
[EventDate "2006.09.17"]
[EventType "team"]
[EventRounds "9"]
[EventCountry "GER"]
[SourceTitle "EXT 2008"]
[Source "ChessBase"]
[SourceDate "2007.11.25"]
[SourceVersion "1"]
[SourceVersionDate "2007.11.25"]
[SourceQuality "1"]
[WhiteTeam "Giessen II"]
[BlackTeam "Giessen"]
[WhiteTeamCountry "GER"]
[BlackTeamCountry "GER"]

1. e4 e5 2. Nc3 Bc5 3. f4 exf4 4. Nf3 d6 5. d4 Bb6 6. Bxf4 Ne7 7. Bc4 0-0 8. Qd2 Be6 9. Bd3 Ng6 10. Be3 c5 11. 0-0-0 c4 12. Be2 d5 13. h4 Ba5 14. h5 Ne7 15. Ng5 b5 16. h6 g6 17. a3 b4 18. axb4 Bxb4 19. Bf3 Qa5 20. Qf2 Qa1+ 21. Kd2 Qxb2 22. Ke2 Qxc2+ 23. Rd2 Qxc3 24. exd5 Bxd5 25. Ne4 Bxe4 26. Bxe4 Re8 27. Rc2 Qb3 28. Rhc1 Nbc6 29. Rxc4 Na5 30. Rxb4 Qxb4 31. Qf6 Qb5+ 32. Kf2 Nf5 33. Rc5 Qb6 34. Rc6 Qd8 0-1

[Event "Hessenliga 0506"]
[Site "Germany"]
[Date "2006.04.02"]
[Round "11.6"]
[White "Nolting, Arno"]
[Black "Bajramovic, Bego"]
[Result "1-0"]
[WhiteElo "2230"]
[BlackElo "2143"]
[PlyCount "61"]
[EventDate "2005.09.11"]
[EventType "team"]
[EventRounds "11"]
[EventCountry "GER"]
[SourceTitle "EXT 2007"]
[Source "ChessBase"]
[SourceDate "2006.11.23"]
[SourceVersion "1"]
[SourceVersionDate "2006.11.23"]
[SourceQuality "1"]
[WhiteTeam "Bensheim"]
[BlackTeam "Giessen"]
[WhiteTeamCountry "GER"]
[BlackTeamCountry "GER"]

1. e4 e5 2. Nf3 f5 3. Nxe5 Qf6 4. Nc4 fxe4 5. Nc3 Qf7 6. d4 Bb4 7. Bd2 Bxc3 8. Bxc3 d6 9. Be2 Nf6 10. Ne3 d5 11. 0-0 Be6 12. Bb4 Nc6 13. Bc5 b6 14. Ba3 Ne7 15. Bb5+ Bd7 16. Bxd7+ Nxd7 17. Bxe7 Kxe7 18. f3 Nf6 19. fxe4 dxe4 20. Nf5+ Kd7 21. c4 Qxc4 22. Rc1 Qd5 23. Qa4+ c6 24. Qa6 Kc7 25. Rc4 Rhe8 26. Nxg7 Re7 27. Rxf6 Rxg7 28. Rfxc6+ Qxc6 29. d5 Qxc4 30. Qxc4+ Kd8 31. Qc6 1-0